Catalog

Record Details

Catalog Search



For women only : the fine art of being a woman Cover Image Book Book

For women only : the fine art of being a woman Edited by Evelyn R. Petersen and J. Allan Petersen

Petersen, Evelyn R. (Author). Petersen, J. Allan (Added Author).

Record details

  • ISBN: 0-8423-0896-2
  • Physical Description: 296 p.
  • Edition: 1st ed.
  • Publisher: Wheaton, Illinois Tyndale House Publishers 1974

Available copies

  • 1 of 1 copy available at Common Catalog SPOK.

Holds

  • 0 current holds with 1 total copy.
Show Only Available Copies
Location Call Number / Copy Notes Barcode Shelving Location Status Due Date
ETS Library 248.843 424470003221 Volný výběr Available -

LDR 00752nam a2 00253
00132635
003CZ-PrJAB
00520040308000000.0
008030606s1974 xxu e |||| |eng
009us
020 . ‡a0-8423-0896-2
035 . ‡a(CONS)2886
035 . ‡aKPS2380
041 . ‡aeng
08214. ‡a248.843
100 . ‡7542 ‡aPetersen, Evelyn R.
245 . ‡aFor women only : ‡bthe fine art of being a woman ‡cEdited by Evelyn R. Petersen and J. Allan Petersen
250 . ‡a1st ed.
260 . ‡aWheaton, Illinois ‡bTyndale House Publishers ‡c1974
300 . ‡a296 p.
653 . ‡awomen ‡athe fine art of being a woman
700 . ‡7543 ‡aPetersen, J. Allan
8524 . ‡bETS ‡bETS ‡cVolný výběr ‡j248.843 ‡gA ‡p424470003221
910 . ‡aABG450
999 . ‡a2886 ‡bAUTOGEN ‡c2886 ‡tbiblio
905 . ‡uadmin
901 . ‡a32635 ‡b ‡c32635 ‡tbiblio ‡sets

Additional Resources